[Event "CZE-chT2B 1516"]
[Site "Czech Republic"]
[Date "2016.04.17"]
[Round "11.5"]
[White "Kuchar, Tomas"]
[Black "Cerny, Martin"]
[Result "1/2-1/2"]
[WhiteElo "1979"]
[BlackElo "2134"]
[PlyCount "22"]
[EventDate "2015.10.18"]
[EventType "team-tourn"]
[EventRounds "11"]
[EventCountry "CZE"]
[SourceTitle "EXT 2022"]
[Source "ChessBase"]
[SourceDate "2021.10.06"]
[SourceVersion "1"]
[SourceVersionDate "2021.10.06"]
[SourceQuality "1"]
[WhiteTeam "Jicin III"]
[BlackTeam "Turnov Zikuda II"]
[WhiteTeamCountry "CZE"]
[BlackTeamCountry "CZE"]

1. e4 c5 2. Nf3 d6 3. d4 cxd4 4. Nxd4 Nf6 5. Nc3 g6 6. Be3 Bg7 7. f3 Nc6 8. Bc4 Bd7 9. Qd2 0-0 10. h4 Rc8 11. Bb3 Ne5 1/2-1/2

[Event "Teplice op 10th"]
[Site "Teplice"]
[Date "2015.06.21"]
[Round "9"]
[White "Korinek, Bohuslav"]
[Black "Kuchar, Tomas"]
[Result "1-0"]
[WhiteElo "1822"]
[BlackElo "1936"]
[PlyCount "117"]
[EventDate "2015.06.13"]
[EventType "swiss"]
[EventRounds "9"]
[EventCountry "CZE"]
[SourceTitle "EXT 2017"]
[Source "ChessBase"]
[SourceDate "2016.10.25"]
[SourceVersion "1"]
[SourceVersionDate "2016.10.25"]
[SourceQuality "1"]

1. d4 Nf6 2. Nf3 g6 3. Bf4 Bg7 4. e3 0-0 5. Nbd2 d5 6. h3 c5 7. c3 Qb6 8. Qb3 Qxb3 9. axb3 cxd4 10. exd4 Bf5 11. Be2 Nc6 12. Ne5 Rfc8 13. 0-0 Ne4 14. Nxc6 Rxc6 15. Nxe4 Bxe4 16. f3 Bc2 17. b4 Bb3 18. Rfe1 e6 19. Ra3 Bc4 20. Bxc4 Rxc4 21. Rea1 a6 22. b5 e5 23. Bxe5 Bxe5 24. dxe5 Rb8 25. Rb3 axb5 26. Rxb5 d4 27. cxd4 Rxd4 28. Ra7 Rd7 29. Kf2 Kf8 30. Kg3 Ke7 31. Rb6 Rc7 32. b4 Rd7 33. h4 Rc7 34. Kg4 Kf8 35. f4 Re7 36. g3 Kg7 37. b5 h5+ 38. Kh3 Kf8 39. Rd6 Rc8 40. Ra3 Ke8 41. b6 Kf8 42. Rad3 Ke8 43. Kg2 Ra8 44. Kf3 Rc8 45. g4 hxg4+ 46. Kxg4 Kf8 47. Rd8+ Rxd8 48. Rxd8+ Kg7 49. Rd6 Kh6 50. h5 Kg7 51. Kg5 gxh5 52. Kxh5 Re6 53. Rxe6 fxe6 54. Kg5 Kf7 55. f5 exf5 56. Kxf5 Ke7 57. e6 Ke8 58. Ke5 Ke7 59. Kd5 1-0

[Event "CZE-chT2B 1415"]
[Site "Czech Republic"]
[Date "2015.01.25"]
[Round "6.3"]
[White "Makevich, Pavel"]
[Black "Kuchar, Tomas"]
[Result "1-0"]
[WhiteElo "2082"]
[BlackElo "1966"]
[PlyCount "47"]
[EventDate "2014.11.02"]
[EventType "team-tourn"]
[EventRounds "11"]
[EventCountry "CZE"]
[SourceTitle "EXT 2022"]
[Source "ChessBase"]
[SourceDate "2021.10.06"]
[SourceVersion "1"]
[SourceVersionDate "2021.10.06"]
[SourceQuality "1"]
[WhiteTeam "Usti nad Labem"]
[BlackTeam "Most Chess II"]
[WhiteTeamCountry "CZE"]
[BlackTeamCountry "CZE"]

1. e4 c5 2. Nf3 Nc6 3. d4 cxd4 4. Nxd4 Nf6 5. Nc3 d6 6. Bg5 Bd7 7. Qd2 Rc8 8. Bxf6 gxf6 9. Be2 Nxd4 10. Qxd4 Qa5 11. f4 Rg8 12. Bf3 f5 13. e5 e6 14. 0-0-0 b5 15. Rhe1 b4 16. Nd5 exd5 17. exd6+ Be6 18. Bxd5 Kd7 19. Qe5 Bxd5 20. Rxd5 Qd8 21. Qxf5+ Kc6 22. Rc5+ Kb7 23. Qxf7+ Kb6 24. Rxc8 1-0

[Event "CZE-ch U20 sf"]
[Site "Frydek Mistek"]
[Date "2014.11.17"]
[Round "2"]
[White "Filip, Tomas"]
[Black "Kuchar, Tomas"]
[Result "0-1"]
[WhiteElo "1716"]
[BlackElo "1966"]
[PlyCount "86"]
[EventDate "2014.11.16"]
[EventType "swiss"]
[EventRounds "9"]
[EventCountry "CZE"]
[SourceTitle "CBM 163 Extra"]
[Source "ChessBase"]
[SourceDate "2014.12.23"]
[SourceVersion "1"]
[SourceVersionDate "2014.12.23"]
[SourceQuality "1"]

1. e4 c5 2. Nf3 d6 3. d4 cxd4 4. Nxd4 Nf6 5. Nc3 Nc6 6. Bg5 Bd7 7. Qd2 Rc8 8. f3 Nxd4 9. Qxd4 Qa5 10. Bd2 Qc5 11. Qxc5 Rxc5 12. Be3 Ra5 13. a4 a6 14. b4 Re5 15. Bf4 Rh5 16. Be2 g5 17. g4 Rh3 18. Bd2 Bg7 19. Ra3 h5 20. Bf1 Rxf3 21. Bg2 Bxg4 22. Bxf3 Bxf3 23. Rf1 g4 24. Bg5 Nxe4 25. Nxe4 Bxe4 26. Re3 f5 27. c3 Be5 28. Rf2 Kd7 29. Kd2 h4 30. Bf4 Bxf4 31. Rxf4 Rg8 32. Rf1 g3 33. hxg3 hxg3 34. Ke2 g2 35. Rg1 e5 36. c4 Rc8 37. Rc1 b5 38. axb5 axb5 39. c5 dxc5 40. bxc5 Rxc5 41. Rxe4 Rxc1 42. Kf2 g1Q+ 43. Ke2 Qf1+ 0-1

[Event "Prague Summer op 1st"]
[Site "Prague"]
[Date "2014.08.14"]
[Round "7"]
[White "Kuchar, Tomas"]
[Black "Bombek, Peter"]
[Result "1/2-1/2"]
[WhiteElo "1917"]
[BlackElo "2172"]
[PlyCount "136"]
[EventDate "2014.08.09"]
[EventType "swiss"]
[EventRounds "9"]
[EventCountry "CZE"]
[SourceTitle "CBM 162 Extra"]
[Source "ChessBase"]
[SourceDate "2014.10.17"]
[SourceVersion "1"]
[SourceVersionDate "2014.10.17"]
[SourceQuality "1"]

1. e4 e6 2. d4 d5 3. Nd2 c5 4. Ngf3 Be7 5. exd5 exd5 6. dxc5 Bxc5 7. Nb3 Bb6 8. Bb5+ Nc6 9. 0-0 Nge7 10. Re1 0-0 11. Be3 Re8 12. h3 Bf5 13. Qd2 a6 14. Bxb6 Qxb6 15. Bd3 Bxd3 16. Qxd3 h6 17. c3 a5 18. Qc2 Rec8 19. a4 Rc7 20. Rad1 Rd8 21. Nbd4 Nxd4 22. Nxd4 Qf6 23. Qb3 Ng6 24. Qb5 Nf4 25. Re3 Re7 26. Rde1 Qg6 27. Qf1 Rxe3 28. Rxe3 Rd6 29. g3 Rb6 30. Kh2 Ne6 31. Nxe6 fxe6 32. Re2 Qf6 33. Qe1 Kh8 34. Qd2 Rd6 35. Qe3 Rc6 36. Kg2 b6 37. f4 Rd6 38. Rd2 Rc6 39. Re2 Qf5 40. Qd2 Rc4 41. b3 Re4 42. Kh2 e5 43. fxe5 Qxe5 44. Rxe4 Qxe4 45. Qf2 Kh7 46. Qd2 h5 47. h4 Qf5 48. Kg2 g6 49. Qf2 Qe4+ 50. Kh2 Qe6 51. Kg2 Kg7 52. Kh2 Qc6 53. Qd4+ Kf7 54. Qf4+ Ke7 55. Qe5+ Kd7 56. Qg7+ Kc8 57. Qf8+ Kb7 58. Qf7+ Ka6 59. Qf1+ Kb7 60. Qf7+ Kb8 61. Qg8+ Ka7 62. Qf7+ Ka6 63. Qf1+ b5 64. axb5+ Qxb5 65. Qf6+ Qb6 66. Qf1+ Ka7 67. Qf7+ Qb7 68. Qf2+ Qb6 1/2-1/2

[Event "Klatovy op"]
[Site "Klatovy"]
[Date "2014.07.06"]
[Round "9"]
[White "Jurek, Josef"]
[Black "Kuchar, Tomas"]
[Result "1-0"]
[WhiteElo "2299"]
[BlackElo "1966"]
[PlyCount "87"]
[EventDate "2014.06.28"]
[EventType "swiss"]
[EventRounds "9"]
[EventCountry "CZE"]
[SourceTitle "CBM 161 Extra"]
[Source "ChessBase"]
[SourceDate "2014.08.29"]
[SourceVersion "1"]
[SourceVersionDate "2014.08.29"]
[SourceQuality "1"]

1. d4 Nf6 2. c4 g6 3. Nf3 Bg7 4. g3 c6 5. Bg2 d5 6. Qb3 Ne4 7. 0-0 0-0 8. Nc3 Nxc3 9. bxc3 dxc4 10. Qxc4 Be6 11. Qd3 h6 12. Rd1 Nd7 13. e4 Nb6 14. Qc2 Qc8 15. Rb1 Bg4 16. c4 e5 17. dxe5 Nd7 18. h3 Bxf3 19. Bxf3 Nxe5 20. Bg2 c5 21. f4 Nc6 22. e5 Rd8 23. Be3 Bf8 24. Kh2 Rb8 25. Rxd8 Nxd8 26. Bd5 Kg7 27. g4 Qc7 28. Qe4 Nc6 29. Bd2 Kh7 30. Bc3 Bg7 31. Rb5 Nd8 32. h4 a6 33. Rb3 b5 34. h5 b4 35. Bb2 a5 36. hxg6+ fxg6 37. f5 Rb6 38. Rg3 Nf7 39. f6 Bh8 40. e6 Nd6 41. Qf4 g5 42. Qe5 Qd8 43. Be4+ Nxe4 44. Qxe4+ 1-0

[Event "Klatovy op"]
[Site "Klatovy"]
[Date "2014.07.04"]
[Round "7"]
[White "Navratil, Jiri"]
[Black "Kuchar, Tomas"]
[Result "0-1"]
[WhiteElo "2087"]
[BlackElo "1966"]
[PlyCount "97"]
[EventDate "2014.06.28"]
[EventType "swiss"]
[EventRounds "9"]
[EventCountry "CZE"]
[SourceTitle "CBM 161 Extra"]
[Source "ChessBase"]
[SourceDate "2014.08.29"]
[SourceVersion "1"]
[SourceVersionDate "2014.08.29"]
[SourceQuality "1"]

1. d4 Nf6 2. Nf3 g6 3. c3 Bg7 4. Bf4 0-0 5. Nbd2 d6 6. e4 Nfd7 7. Bc4 e5 8. dxe5 dxe5 9. Be3 Nb6 10. Bb3 Qe7 11. h4 Be6 12. h5 N8d7 13. hxg6 hxg6 14. Bxe6 Qxe6 15. Ng5 Qe7 16. Qg4 Nc5 17. Rh3 Nd3+ 18. Ke2 Nxb2 19. Rah1 Rfd8 20. Qh4 N6c4 21. Nxc4 Nxc4 22. Rf3 Bf6 23. Qh7+ Kf8 24. Qh6+ Kg8 25. Qh7+ Kf8 26. Qh6+ Kg8 27. Nxf7 Kxf7 28. Bg5 Rd6 29. Qh7+ Ke8 30. Qxg6+ Kd7 31. Rxf6 Rxf6 32. Bxf6 Qe6 33. Qg7+ Kc6 34. Rh6 Kb5 35. Bd8 Qc8 36. Bxc7 b6 37. f3 Qe8 38. Rh7 Rc8 39. a4+ Kxa4 40. Qd7+ Qxd7 41. Rxd7 Kb3 42. Bd8 a5 43. g4 a4 44. g5 a3 45. g6 a2 46. g7 a1Q 47. g8Q Qb2+ 48. Kf1 Ra8 49. Bh4 0-1

[Event "Klatovy op"]
[Site "Klatovy"]
[Date "2014.07.02"]
[Round "5"]
[White "Navratil, Jiri2222"]
[Black "Kuchar, Tomas"]
[Result "0-1"]
[WhiteElo "2065"]
[BlackElo "1966"]
[PlyCount "72"]
[EventDate "2014.06.28"]
[EventType "swiss"]
[EventRounds "9"]
[EventCountry "CZE"]
[SourceTitle "CBM 161 Extra"]
[Source "ChessBase"]
[SourceDate "2014.08.29"]
[SourceVersion "1"]
[SourceVersionDate "2014.08.29"]
[SourceQuality "1"]

1. e4 c5 2. Nf3 Nc6 3. d4 cxd4 4. Nxd4 Nf6 5. Nc3 d6 6. Bc4 Bd7 7. 0-0 g6 8. h3 Bg7 9. Be3 0-0 10. Bb3 a6 11. f4 b5 12. a3 Rc8 13. Qd3 Qc7 14. Nxc6 Bxc6 15. Rae1 Nd7 16. Bd5 Bxc3 17. bxc3 Bxd5 18. exd5 Nf6 19. Bd4 Nxd5 20. Rf3 e6 21. f5 e5 22. Bxe5 dxe5 23. Qxd5 Qc5+ 24. Qxc5 Rxc5 25. f6 Re8 26. g4 h6 27. Kg2 Kh7 28. h4 e4 29. Rfe3 Rce5 30. Kg3 g5 31. h5 R5e6 32. Kg2 Kg8 33. Kg3 Rc8 34. Rxe4 Rxc3+ 35. Kg2 Rxc2+ 36. Kg1 Rxf6 0-1

[Event "CZE-chTA U20 1314"]
[Site "Czech Republic"]
[Date "2014.04.26"]
[Round "9.2"]
[White "Fuskova, Martina"]
[Black "Kuchar, Tomas"]
[Result "1/2-1/2"]
[WhiteElo "1955"]
[BlackElo "1802"]
[PlyCount "100"]
[EventDate "2013.10.12"]
[EventType "team-tourn"]
[EventRounds "11"]
[EventCountry "CZE"]
[SourceTitle "EXT 2015"]
[Source "ChessBase"]
[SourceDate "2014.11.20"]
[SourceVersion "1"]
[SourceVersionDate "2014.11.20"]
[SourceQuality "1"]
[WhiteTeam "Frydek Mistek (U20)"]
[BlackTeam "Most Chess (U20)"]
[WhiteTeamCountry "CZE"]
[BlackTeamCountry "CZE"]

1. e4 c5 2. Nf3 d6 3. d4 cxd4 4. Nxd4 Nf6 5. Nc3 Nc6 6. Bg5 Bd7 7. Nb3 e6 8. Nb5 Qb8 9. Bxf6 gxf6 10. Qh5 a6 11. N5d4 Qa7 12. 0-0-0 Nxd4 13. Nxd4 Qc5 14. Be2 Rc8 15. Qxc5 dxc5 16. Nb3 Bh6+ 17. Kb1 Rg8 18. g3 Bf8 19. Na5 b5 20. Rd2 Rc7 21. Rhd1 Be7 22. Bh5 Bc8 23. Bf3 Rg5 24. Bh1 c4 25. f4 Rgc5 26. c3 e5 27. Bf3 Rd7 28. Rxd7 Bxd7 29. f5 Bc8 30. Kc2 Bd8 31. b4 cxb3+ 32. Nxb3 Rc6 33. Kb2 Bb6 34. Rd3 Ke7 35. Nd2 Bb7 36. h3 Bf2 37. g4 Rd6 38. Kc2 Rxd3 39. Kxd3 Kd6 40. Nb3 Bb6 41. Bg2 a5 42. a3 a4 43. Na1 Ba6 44. Kd2 Kc5 45. Nc2 Kc4 46. Nb4 Bb7 47. Kc2 Ba5 48. Bf1+ Kc5 49. Nd3+ Kb6 50. Bg2 Bc6 1/2-1/2

[Event "CZE-chTA U20 1314"]
[Site "Czech Republic"]
[Date "2014.04.25"]
[Round "8.2"]
[White "Kuchar, Tomas"]
[Black "Machan, Jan"]
[Result "0-1"]
[WhiteElo "1802"]
[BlackElo "2163"]
[PlyCount "72"]
[EventDate "2013.10.12"]
[EventType "team-tourn"]
[EventRounds "11"]
[EventCountry "CZE"]
[SourceTitle "EXT 2015"]
[Source "ChessBase"]
[SourceDate "2014.11.20"]
[SourceVersion "1"]
[SourceVersionDate "2014.11.20"]
[SourceQuality "1"]
[WhiteTeam "Most Chess (U20)"]
[BlackTeam "Polabiny (U20)"]
[WhiteTeamCountry "CZE"]
[BlackTeamCountry "CZE"]

1. e4 c6 2. d4 d5 3. e5 Bf5 4. Nc3 e6 5. g4 Bg6 6. Nge2 Nd7 7. h4 h6 8. Nf4 Bh7 9. Bd3 Bxd3 10. Qxd3 c5 11. Be3 c4 12. Qd2 Rb8 13. Nh5 b5 14. Ne2 b4 15. c3 bxc3 16. Nxc3 Ne7 17. f4 Qb6 18. Rb1 g6 19. Ng3 h5 20. f5 hxg4 21. fxg6 fxg6 22. h5 gxh5 23. Nxh5 Kd8 24. Qg2 Nf5 25. Bg5+ Kc8 26. Qxg4 Qxd4 27. Qxd4 Nxd4 28. Bf4 Bg7 29. Kf2 Bxe5 30. Bxe5 Nxe5 31. Ke3 Nf5+ 32. Kd2 Rb7 33. Ng3 Rxh1 34. Nxh1 Rh7 35. Rf1 Rh2+ 36. Nf2 Ng3 0-1

[Event "Czech Fed-ch opA"]
[Site "Hrdonov"]
[Date "2013.10.27"]
[Round "2"]
[White "Kuchar, Tomas"]
[Black "Havlik, Jindrich"]
[Result "0-1"]
[WhiteElo "1802"]
[BlackElo "2104"]
[PlyCount "54"]
[EventDate "2013.10.26"]
[EventType "swiss"]
[EventRounds "9"]
[EventCountry "CZE"]
[SourceTitle "EXT 2016"]
[Source "ChessBase"]
[SourceDate "2015.10.08"]
[SourceVersion "1"]
[SourceVersionDate "2015.10.08"]
[SourceQuality "1"]

1. e4 e6 2. d4 d5 3. Nd2 Nf6 4. e5 Nfd7 5. f4 Be7 6. Ndf3 0-0 7. g3 f6 8. Bh3 fxe5 9. fxe5 Kh8 10. Kf2 c5 11. c3 Nc6 12. Ne2 b6 13. Nf4 Qe8 14. Nxe6 cxd4 15. cxd4 Nc5 16. Nc7 Qd8 17. Bxc8 Rxc8 18. Nb5 Ne4+ 19. Kg2 Nb4 20. Rf1 Nc2 21. Rb1 Qd7 22. Qd3 Nb4 23. Qe2 Rc2 24. Nd2 Rxf1 25. Kxf1 Nxa2 26. Na3 Nxc1 27. Qe3 Nxd2+ 0-1

[Event "CZE-chTW U20 1314"]
[Site "Czech Republic"]
[Date "2013.10.13"]
[Round "3.2"]
[White "Kuchar, Tomas"]
[Black "Janska, Jitka"]
[Result "1/2-1/2"]
[WhiteElo "1802"]
[BlackElo "1931"]
[PlyCount "69"]
[EventDate "2013.10.12"]
[EventType "team-tourn"]
[EventRounds "11"]
[EventCountry "CZE"]
[SourceTitle "EXT 2015"]
[Source "ChessBase"]
[SourceDate "2014.11.20"]
[SourceVersion "1"]
[SourceVersionDate "2014.11.20"]
[SourceQuality "1"]
[WhiteTeam "Most Chess (U20)"]
[BlackTeam "Klatovy (U20)"]
[WhiteTeamCountry "CZE"]
[BlackTeamCountry "CZE"]

1. e4 e5 2. Nf3 Nc6 3. d4 exd4 4. Nxd4 Bc5 5. Nxc6 Qf6 6. Qf3 dxc6 7. Bd3 Bd7 8. Nc3 a6 9. Be3 Qxf3 10. gxf3 Bxe3 11. fxe3 0-0-0 12. Rg1 g6 13. 0-0-0 b5 14. f4 Ne7 15. Rdf1 c5 16. e5 c4 17. Be4 Rhe8 18. Re1 Be6 19. Bg2 Bd5 20. e4 Bb7 21. Rd1 Kb8 22. Nd5 Nxd5 23. exd5 g5 24. Rge1 gxf4 25. c3 Ka7 26. b3 Kb6 27. b4 Ka7 28. Rd4 Kb8 29. Kd1 Ba8 30. Re2 Bb7 31. Ke1 Ba8 32. Kf2 Re7 33. Rd1 Rde8 34. Rde1 Rd8 35. Rd1 1/2-1/2

[Event "CZE-chTW U20 1314"]
[Site "Czech Republic"]
[Date "2013.10.12"]
[Round "1.2"]
[White "Kuchar, Tomas"]
[Black "Kratochvil, Vit"]
[Result "0-1"]
[WhiteElo "1802"]
[BlackElo "2040"]
[PlyCount "56"]
[EventDate "2013.10.12"]
[EventType "team-tourn"]
[EventRounds "11"]
[EventCountry "CZE"]
[SourceTitle "EXT 2015"]
[Source "ChessBase"]
[SourceDate "2014.11.20"]
[SourceVersion "1"]
[SourceVersionDate "2014.11.20"]
[SourceQuality "1"]
[WhiteTeam "Most Chess (U20)"]
[BlackTeam "Vlasim (U20)"]
[WhiteTeamCountry "CZE"]
[BlackTeamCountry "CZE"]

1. e4 c5 2. Nf3 d6 3. d4 cxd4 4. Nxd4 Nf6 5. Nc3 g6 6. Be3 Bg7 7. f3 0-0 8. Bc4 Nc6 9. Qd2 Bd7 10. h4 Na5 11. Bb3 Rc8 12. 0-0-0 Nc4 13. Bxc4 Rxc4 14. h5 Qa5 15. Kb1 Rfc8 16. hxg6 fxg6 17. Nb3 Qa6 18. Bd4 Rxd4 19. Nxd4 Rc4 20. Nde2 Be6 21. Nd5 Nxd5 22. exd5 Bf5 23. Rc1 Qb6 24. b3 Ra4 25. Nc3 Qa5 26. Qe3 Rxa2 27. Nxa2 Qa3 28. Nc3 Qxb3+ 0-1

[Event "Klatovy op-A"]
[Site "Klatovy"]
[Date "2013.07.01"]
[Round "3"]
[White "Kuchar, Tomas"]
[Black "Hlavac, Rudolf"]
[Result "0-1"]
[WhiteElo "1792"]
[BlackElo "1997"]
[PlyCount "106"]
[EventDate "2013.06.29"]
[EventType "swiss"]
[EventRounds "9"]
[EventCountry "CZE"]
[SourceTitle "EXT 2014"]
[Source "ChessBase"]
[SourceDate "2013.11.20"]
[SourceVersion "1"]
[SourceVersionDate "2013.11.20"]
[SourceQuality "1"]

1. e4 c5 2. Nf3 Nc6 3. Bb5 g6 4. Bxc6 dxc6 5. d3 Bg7 6. 0-0 e5 7. Nbd2 Bg4 8. h3 Bxf3 9. Nxf3 Qe7 10. Be3 Nf6 11. Nd2 Nh5 12. Nc4 0-0 13. a4 b6 14. a5 b5 15. Nd2 Rfd8 16. Qg4 Nf4 17. a6 Ne6 18. Nb3 Nd4 19. Nxd4 cxd4 20. Bd2 Rf8 21. f4 f5 22. Qe2 Qc5 23. Rac1 Rae8 24. Kh1 fxe4 25. dxe4 exf4 26. Rxf4 Qe5 27. Rxf8+ Bxf8 28. Qf2 Bd6 29. Qg1 Rf8 30. Re1 Rf2 31. Bb4 Bb8 32. Bc5 Rd2 33. b4 h5 34. Rf1 Kg7 35. Re1 Kh7 36. Rf1 h4 37. Rf7+ Kg8 38. Rf1 Kg7 39. Bf8+ Kg8 40. Bc5 Qg3 41. Rf3 Qe5 42. Rf1 Kg7 43. Bf8+ Kh7 44. Bc5 Kh6 45. Rf7 g5 46. Bf8+ Kg6 47. Rg7+ Kf6 48. Rd7 Qg3 49. Qf1+ Bf4 50. e5+ Kxe5 51. Bd6+ Ke6 52. Bxf4 gxf4 53. Rxa7 f3 0-1

[Event "Klatovy op-A"]
[Site "Klatovy"]
[Date "2013.06.29"]
[Round "1"]
[White "Kuchar, Tomas"]
[Black "Eretova, Jana"]
[Result "0-1"]
[WhiteElo "1792"]
[BlackElo "2101"]
[PlyCount "56"]
[EventDate "2013.06.29"]
[EventType "swiss"]
[EventRounds "9"]
[EventCountry "CZE"]
[SourceTitle "EXT 2014"]
[Source "ChessBase"]
[SourceDate "2013.11.20"]
[SourceVersion "1"]
[SourceVersionDate "2013.11.20"]
[SourceQuality "1"]

1. e4 c5 2. Nf3 e6 3. d4 cxd4 4. Nxd4 Nf6 5. Nc3 Bb4 6. Qf3 a6 7. a3 Bxc3+ 8. bxc3 Qc7 9. Bb2 b5 10. Bd3 Bb7 11. a4 bxa4 12. 0-0 d5 13. exd5 Bxd5 14. Qe2 0-0 15. Rxa4 e5 16. c4 Bb7 17. Nf5 Re8 18. Raa1 Nbd7 19. Qd2 Nf8 20. Qg5 Ng6 21. h4 h5 22. Rfe1 Ng4 23. Ba3 e4 24. Nd6 Re5 25. Qd2 exd3 26. Rxe5 N4xe5 27. cxd3 Nxh4 28. Qg5 Nhf3+ 0-1

[Event "Teplice op 8th"]
[Site "Teplice"]
[Date "2013.06.18"]
[Round "4"]
[White "Kuchar, Tomas"]
[Black "Bazantova, Marie"]
[Result "0-1"]
[WhiteElo "1792"]
[BlackElo "1968"]
[PlyCount "88"]
[EventDate "2013.06.15"]
[EventType "swiss"]
[EventRounds "9"]
[EventCountry "CZE"]
[SourceTitle "CBM 155 Extra"]
[Source "ChessBase"]
[SourceDate "2013.08.26"]
[SourceVersion "1"]
[SourceVersionDate "2013.08.26"]
[SourceQuality "1"]

1. e4 c5 2. d4 cxd4 3. Nf3 Nf6 4. e5 Nd5 5. Qxd4 e6 6. Bc4 Nb6 7. Bd3 Nc6 8. Qe4 d5 9. exd6 Bxd6 10. Bd2 Nd5 11. a3 Nf6 12. Qe2 0-0 13. 0-0 e5 14. Nc3 Bg4 15. Ne4 Nd4 16. Nxf6+ Qxf6 17. Qe4 Bf5 18. Qd5 Bxd3 19. cxd3 Nxf3+ 20. Qxf3 Qxf3 21. gxf3 Rfd8 22. Bc3 Bc7 23. Rad1 Rd7 24. Rd2 f6 25. Rfd1 Rad8 26. d4 exd4 27. Rxd4 Rxd4 28. Rxd4 Kf7 29. Rxd8 Bxd8 30. Bd4 a6 31. Kf1 Ke6 32. Ke2 Bc7 33. h3 g5 34. Kd3 h5 35. b4 b5 36. Ke2 Kf5 37. Kd3 Bd6 38. Ke2 Be5 39. Bxe5 Kxe5 40. Ke3 Kf5 41. Kd4 Kf4 42. Kc5 Kxf3 43. Kb6 g4 44. hxg4 h4 0-1

[Event "Teplice op 8th"]
[Site "Teplice"]
[Date "2013.06.17"]
[Round "3"]
[White "Jirasek, Jiri"]
[Black "Kuchar, Tomas"]
[Result "1/2-1/2"]
[WhiteElo "1982"]
[BlackElo "1792"]
[PlyCount "75"]
[EventDate "2013.06.15"]
[EventType "swiss"]
[EventRounds "9"]
[EventCountry "CZE"]
[SourceTitle "CBM 155 Extra"]
[Source "ChessBase"]
[SourceDate "2013.08.26"]
[SourceVersion "1"]
[SourceVersionDate "2013.08.26"]
[SourceQuality "1"]

1. d4 Nf6 2. c4 g6 3. Nc3 d5 4. Nf3 Bg7 5. e3 0-0 6. Qb3 c6 7. Ne5 a6 8. a4 Nbd7 9. f4 e6 10. Be2 dxc4 11. Nxc4 c5 12. 0-0 Nd5 13. Qa3 cxd4 14. Nxd5 exd5 15. Nd6 Qb6 16. Rd1 Nc5 17. exd4 Nb3 18. a5 Qc7 19. Qxb3 Qxd6 20. Bf3 Rd8 21. Be3 Be6 22. Rdc1 Rab8 23. Rc5 b6 24. axb6 Qxb6 25. Qxb6 Rxb6 26. h3 Rxb2 27. Rxa6 Rb4 28. f5 gxf5 29. Bxd5 f4 30. Bxe6 fxe3 31. Rg5 Rb1+ 32. Kh2 e2 33. Ra7 e1Q 34. Rxf7 Qh1+ 35. Kg3 Qe1+ 36. Kh2 Qxe6 37. Rgxg7+ Kh8 38. Rxh7+ 1/2-1/2

[Event "Kouty nad Desnou op-F"]
[Site "Kouty nad Desnou"]
[Date "2013.03.16"]
[Round "9"]
[White "Korinkova, Eva"]
[Black "Kuchar, Tomas"]
[Result "0-1"]
[WhiteElo "1780"]
[BlackElo "1717"]
[PlyCount "110"]
[EventDate "2013.03.09"]
[EventType "swiss"]
[EventRounds "9"]
[EventCountry "CZE"]
[SourceTitle "EXT 2015"]
[Source "ChessBase"]
[SourceDate "2014.11.20"]
[SourceVersion "1"]
[SourceVersionDate "2014.11.20"]
[SourceQuality "1"]

1. e4 c5 2. Nf3 e6 3. d4 cxd4 4. Nxd4 Nc6 5. Nc3 Nf6 6. a3 Be7 7. Be3 0-0 8. Be2 a6 9. 0-0 Qc7 10. f4 d6 11. Nxc6 bxc6 12. Qe1 d5 13. e5 Nd7 14. Kh1 c5 15. Bd2 Bb7 16. Bf3 Nb6 17. Rd1 Nc4 18. Bc1 Rab8 19. b3 Na5 20. Qg3 Rfc8 21. f5 Bf8 22. f6 Kh8 23. Bf4 g6 24. Qg5 Rd8 25. h4 Nc6 26. Qg3 Nd4 27. h5 Nxc2 28. hxg6 fxg6 29. Qh3 Qf7 30. Bg4 Nd4 31. Rxd4 cxd4 32. Ne2 Bc8 33. Nxd4 Rb6 34. Rf3 Bc5 35. Ne2 Bxa3 36. Bh6 Bf8 37. Bg7+ Bxg7 38. fxg7+ Qxg7 39. Rf6 Rf8 40. Bxe6 Bxe6 41. Rxe6 Rxe6 42. Qxe6 Rf1+ 43. Kh2 Qh6+ 44. Qh3 Qxh3+ 45. Kxh3 Re1 46. Nd4 Rxe5 47. Kg3 Re4 48. Nc2 d4 49. Kf3 d3 50. Ne3 Rb4 51. Nc4 Rxb3 52. Ke3 d2+ 53. Kxd2 Rg3 54. Ne3 Rxe3 55. Kxe3 Kg7 0-1

[Event "Kouty nad Desnou op-F"]
[Site "Kouty nad Desnou"]
[Date "2013.03.14"]
[Round "7"]
[White "Stefanik, Richard"]
[Black "Kuchar, Tomas"]
[Result "0-1"]
[WhiteElo "1576"]
[BlackElo "1717"]
[PlyCount "58"]
[EventDate "2013.03.09"]
[EventType "swiss"]
[EventRounds "9"]
[EventCountry "CZE"]
[SourceTitle "EXT 2015"]
[Source "ChessBase"]
[SourceDate "2014.11.20"]
[SourceVersion "1"]
[SourceVersionDate "2014.11.20"]
[SourceQuality "1"]

1. e4 c5 2. c3 d5 3. exd5 Qxd5 4. d4 g6 5. Nf3 Bg7 6. Be3 cxd4 7. Bxd4 Nf6 8. Be2 0-0 9. 0-0 Nc6 10. Be3 Qxd1 11. Rxd1 Ng4 12. Bc5 Be6 13. Nbd2 Rfe8 14. Nb3 b6 15. Bd4 Bxb3 16. axb3 e5 17. Bb5 Rec8 18. Bxb6 axb6 19. Rxa8 Rxa8 20. Bxc6 Ra2 21. h3 Nf6 22. Rd2 Bh6 23. Re2 e4 24. Bxe4 Nxe4 25. Rxe4 Rxb2 26. Rb4 Bf8 27. Rxb6 Bc5 28. Rb8+ Kg7 29. Nd4 Rb1+ 0-1

[Event "Kouty nad Desnou op-F"]
[Site "Kouty nad Desnou"]
[Date "2013.03.13"]
[Round "6"]
[White "Kuchar, Tomas"]
[Black "Kosut, Tomas"]
[Result "1/2-1/2"]
[WhiteElo "1717"]
[BlackElo "1763"]
[PlyCount "63"]
[EventDate "2013.03.09"]
[EventType "swiss"]
[EventRounds "9"]
[EventCountry "CZE"]
[SourceTitle "EXT 2015"]
[Source "ChessBase"]
[SourceDate "2014.11.20"]
[SourceVersion "1"]
[SourceVersionDate "2014.11.20"]
[SourceQuality "1"]

1. e4 c5 2. Nf3 d6 3. d4 cxd4 4. Nxd4 Nf6 5. Nc3 g6 6. Bc4 Bg7 7. 0-0 0-0 8. Re1 Nc6 9. Bb3 Bd7 10. Bg5 a6 11. Nxc6 Bxc6 12. Nd5 Re8 13. Qf3 Bxd5 14. exd5 Nd7 15. c3 Ne5 16. Qe2 Bf6 17. Bxf6 exf6 18. f4 Nd7 19. Qf2 Qb6 20. Qxb6 Nxb6 21. Kf2 Kf8 22. Rxe8+ Rxe8 23. Re1 Rxe1 24. Kxe1 f5 25. Kd2 Nd7 26. Ke3 Kg7 27. c4 Nf6 28. h3 Ne4 29. Bc2 Nf6 30. a4 a5 31. Bd1 b6 32. Kd4 1/2-1/2

[Event "Kouty nad Desnou op-F"]
[Site "Kouty nad Desnou"]
[Date "2013.03.12"]
[Round "5"]
[White "Halla, Jiri"]
[Black "Kuchar, Tomas"]
[Result "1-0"]
[WhiteElo "1857"]
[BlackElo "1717"]
[PlyCount "79"]
[EventDate "2013.03.09"]
[EventType "swiss"]
[EventRounds "9"]
[EventCountry "CZE"]
[SourceTitle "EXT 2015"]
[Source "ChessBase"]
[SourceDate "2014.11.20"]
[SourceVersion "1"]
[SourceVersionDate "2014.11.20"]
[SourceQuality "1"]

1. b3 Nf6 2. Bb2 d5 3. e3 g6 4. f4 Bg7 5. Nf3 0-0 6. Be2 c5 7. 0-0 Nc6 8. Ne5 Qc7 9. c4 e6 10. Na3 a6 11. Nc2 dxc4 12. bxc4 b6 13. Nxc6 Qxc6 14. Bf3 Ne4 15. Bxg7 Kxg7 16. d3 f5 17. dxe4 fxe4 18. Be2 Bb7 19. Qc1 Qc7 20. Qb2+ Kg8 21. Rfd1 Rae8 22. Qe5 Qxe5 23. fxe5 Re7 24. Rd6 b5 25. cxb5 axb5 26. Bxb5 Rf5 27. Rad1 Bd5 28. a4 Ref7 29. Rf1 Rxf1+ 30. Bxf1 Bb3 31. Na3 Bxa4 32. Nc4 Re7 33. Nb6 Bb3 34. Bc4 Bxc4 35. Nxc4 Kf7 36. Rc6 Ra7 37. Nd6+ Kg7 38. Nxe4 Ra3 39. Kf2 Ra2+ 40. Kf3 1-0